| 000 | 00877nam a2200217 a 4500 | ||
|---|---|---|---|
| 005 | 20241030063732.0 | ||
| 008 | 991125s1982 mad 000 0 spa u | ||
| 035 | _aUPN01000032606 | ||
| 049 | _aCG | ||
| 050 | 4 |
_aLB1731 _bP4.5 |
|
| 100 | 1 |
_aPeck, Robert F. _942915 |
|
| 245 | 1 | 0 |
_aInvestigación acerca de la educación de los profesores / _cRobert F. Peck, James A. Tucker. |
| 260 |
_aMadrid : _bOEI, Oficina de Educación Iberoamericana, _c1982. |
||
| 300 | _a86 p. | ||
| 440 | 0 |
_aCuadernos de capacitación docente ; _v12 |
|
| 500 | _aPublicados bajo el título Research on teacher education. -- En : Second hand bood of research on teaching. -- Chicago, EUA : Rand McNally, 1973. -- p. 940-978 | ||
| 650 | 4 |
_aEducación _xInvestigación _94070 |
|
| 650 | 2 |
_aMaestros _xFormacion profesional _xInvestigación _9792 |
|
| 700 | 1 |
_aTucker, James A., _ecoaut. |
|
| 905 | _aLibro | ||
| 999 |
_c32606 _d32606 |
||